000 00804nam a2200265 u 4500
001 61783
005 20180714063542.0
008 141118s2009 sp a r 000 0 spa d
020 _a84-08-04679-9
082 0 _a512.7
_bSIN
100 1 _aSingh, Simon,
_eautor
245 1 3 _aEl enigma de Fermat /
_cSimon Singh.
264 1 _aEspaña :
_bPlaneta,
_c2004
300 _a317 páginas :
_bilustraciones ;
_c18 cm.
336 _atexto
_2rdacontent
337 _asin mediación
_2rdamedia
338 _avolumen
_2rdacarrier
490 0 _aDivulgación ;
_vn. 3051
650 0 _aTeorema de Fermat
650 0 _aTeoría de números
650 0 _aMatemáticas
_xTeoría
650 0 _aMatemáticas
_xHistoría
700 1 _aLynch, John,
_eprologuista
700 1 _aGaladí, David,
_etraductor
999 _c61783
_d61783